The global burden of disease (Record no. 10581)
[ view plain ]
| 000 -LEADER | |
|---|---|
| fixed length control field | 01503nam a2200337Ia 4500 |
| 245 04 - TITLE STATEMENT | |
| Title | The global burden of disease |
| 260 ## - PUBLICATION, DISTRIBUTION, ETC. (IMPRINT) | |
| Place of publication | Geneva, Switzerland : |
| Name of publisher | World Health Organization, |
| Year of publication | c2008. |
| 300 ## - PHYSICAL DESCRIPTION | |
| Number of Pages | vii, 146 p. : |
| Other physical details | col. ill., col. map. |
| 500 ## - GENERAL NOTE | |
| General note | "The 2004 update of the Global burden of disease was primarily carried out by Colin Mathers and Doris Ma Fat., in collaboration with other WHO staff, Who technical programmes and UNAIDS. The report was written by Colin Mathers, Ties Boerma and Doris Ma Fat"--P. ii. |
| 650 #0 - SUBJECT ADDED ENTRY--TOPICAL TERM | |
| Topical Term | World health |
| Topical Term | Public health. |
| 700 1# - ADDED ENTRY--PERSONAL NAME | |
| Personal name | Mathers, Colin. |
| Personal name | Fat, Doris Ma. |
| Personal name | Boerma, J. T. |
| 856 40 - ELECTRONIC LOCATION AND ACCESS | |
| Uniform Resource Identifier | http://site.ebrary.com/lib/rucke/Doc?id=10266345 |
No items available.
